Online
Catalog
Normal view MARC view

Entry Nombre personal

Number of records used in: 45

001 - NÚMERO DE CONTROL

  • campo de control: 2482

003 - IDENTIFICADOR DEL NÚMERO DE CONTROL

  • campo de control: BNPHU

005 - FECHA Y HORA DE LA ÚLTIMA TRANSACCIÓN

  • campo de control: 20240229091726.0

008 - DATOS DE LONGITUD FIJA

  • campo de control de longitud fija: 200615|| aca||aabn | a|a d

010 ## - NÚMERO DE CONTROL DE LA BIBLIOTECA DEL CONGRESO

  • Número de control de LC: n 80123498

040 ## - FUENTE DE LA CATALOGACIÓN

  • Centro catalogador/agencia de origen: DO-SdBNP
  • Lengua de catalogación: spa
  • Centro/agencia transcriptor: BNPHU
  • Normas de descripción: rda

100 1# - ENCABEZAMIENTO-NOMBRE DE PERSONA

  • Nombre de persona: Jimenes Grullón, Juan Isidro,
  • Fechas asociadas al nombre: 1903-1983

370 ## - LUGAR ASOCIADO

  • Lugar de nacimiento: Santo Domingo (República Dominicana)
  • Lugar de fallecimiento: Santo Domingo (República Dominicana

375 ## - GÉNERO/SEXO

  • Género/Sexo: Masculino

377 ## - LENGUA/LENGUAJE ASOCIADO

  • Código del idioma: spa

400 1# - TRAZADO DE VÉASE--NOMBRE DE PERSONA

  • Nombre de persona: Grullón, Juan Isidro Jimenes

400 1# - TRAZADO DE VÉASE--NOMBRE DE PERSONA

  • Nombre de persona: Jimenes Grullón, J. I.
  • Forma completa/desarrollada del nombre: (Juan Isidro)

400 1# - TRAZADO DE VÉASE--NOMBRE DE PERSONA

  • Nombre de persona: Jimenes Grullón, Juan I. |
  • Forma completa/desarrollada del nombre: (Juan Isidro)

400 1# - TRAZADO DE VÉASE--NOMBRE DE PERSONA

  • Nombre de persona: Jiménez Grullón, Juan Isidro

670 ## - FUENTE DE DATOS ENCONTRADOS

  • Cita de la fuente: Jimenes Grullón, Juan Isidro, 1903-1983, Sociología política dominicana 1844-1966 /, 1981.

670 ## - FUENTE DE DATOS ENCONTRADOS

  • Cita de la fuente: Aguas de remanso, 1926.

670 ## - FUENTE DE DATOS ENCONTRADOS

  • Cita de la fuente: La ideología revolucionaria de Juan Pablo Duarte, 1983

670 ## - FUENTE DE DATOS ENCONTRADOS

  • Cita de la fuente: Biología dialéctica, 1968

670 ## - FUENTE DE DATOS ENCONTRADOS

  • Identificador Uniforme del Recurso: https://authorities.loc.gov/cgi-bin/Pwebrecon.cgi?AuthRecID=49367&v1=1&HC=1&SEQ=20240229091450&PID=eUE0qt8whlQgAxFLW_LuJwooui7Q

Powered by Koha